01519nam a2200289 a 450000100100000000500170001000800410002704000250006808200220009310000300011524500740014525000120021926000430023130000200027449000690029450400270036359000260039065000340041683000780045091000370052895201340056595201340069995201340083395201200096795201250108799900170121200001718220200929165036.0100319s1985 dr 001 0 spa d aDO-SdBNPbspacBNPHU a468.1bZ88m, 19851 aZorrilla, Mercedes93637810aManual de ortografía :bteoría y práctica /cMercedes Zorrilla. a2a. ed. aSanto Domingo :bUniversitaria,c1985. a75 p. ;c21 cm.1 aPublicaciones de la Universidad Autónoma de Santo Domingov443 aBibliografía : p. 75 aInventariado, 2018/LP 4aEspañolxOrtografía91453 0aPublicaciones de la Universidad Autónoma de Santo Domingo ;n443937813 aValidado. Control de calidad MFF 001154708DSaGRbGRcMId2010-03-19iLF1l0o468.1 Z88m, 1985p17182-30r2020-06-25te.3w2020-06-25yLFDSZPréstamo en sala 001154708DSaGRbGRcMId2010-03-19iLF1l0o468.1 Z88m, 1985p17182-40r2020-06-25te.4w2020-06-25yLFDSZPréstamo en sala 001154708DSaGRbGRcMId2010-11-24iLF1l0o468.1 Z88m, 1985p17182-50r2020-06-25te.5w2020-06-25yLFDSZPréstamo en sala 0010718PDaPDbPDcHDd2010-03-19iLF1l0o468.1 Z88m, 1985p17182-10r2020-06-25w2020-06-25yLFPDZNo se presta 0010718PDaPDbPDcHDd2010-03-19iLF1l0o468.1 Z88m, 1985p17182-20r2020-06-25te.2w2020-06-25yLFPDZNo se presta c16708d16708